00165nam a22000737a 4500020001400000100001800014245003100032260002800063 a043977361 aSteve Metzger aWe're Going on a Leaf Hunt aU.S.AbScholasticc2005